| 000 | 01171nam a22002777a 4500 | ||
|---|---|---|---|
| 999 |
_c65730 _d65730 |
||
| 005 | 20240530110840.0 | ||
| 008 | 200909s2020 ua a f b 001 0dara d | ||
| 017 |
_a2020/3496 _bمصر. دار الكتب |
||
| 020 | _a9789770532973 | ||
| 040 |
_aEG-CaGPL _cEG-CaGPL |
||
| 082 | 0 | 4 |
_221 _a616.8917/ _bب ت |
| 100 | 1 | _aبوتشى، ويلما | |
| 245 | 1 | 2 |
_aالتحليل النفسى والعلم المعرفى نظرية الشفرة المتعددة / _cويلما بوتشى ؛ تقديم وترجمة فؤاد الدواش ؛ مراجعة عبدالله عسكر |
| 260 |
_aالقاهرة : _bمكتبة الانجلو المصرية ، _c2020. |
||
| 300 |
_a499 ص. : _bايض ؛ _c24 سم. |
||
| 504 | _aيشتمل على ارجاعات ببليوجرافية | ||
| 650 | 0 | 7 |
_2qrmak _aالتحليل النفسى |
| 650 | 0 | 7 |
_2qrmak _aعلم النفس |
| 650 | 0 | 7 |
_2qrmak _aالدوافع النفسية |
| 651 | _2qrmak | ||
| 653 | 0 | _aعلم النفس المعرفة | |
| 700 | 0 |
_aفؤاد الدواش _eمقدم ومترجم |
|
| 700 | 0 |
_aعبدالله عسكر _eمراجع |
|
| 942 |
_2ddc _cBK |
||